Meng xue si pian gang bi zi tie /

Saved in:
Bibliographic Details
Main Author: Sima, Yan
Format: Book
Language:Chinese
Published: Beijing : Jin Dun, 2003.
Subjects:
LEADER 00983cam a2200277 a 4500
001 c000395980
003 CARM
005 20140214093921.0
008 140214s2003 cc 000 0 chi d
019 1 |a 28573754  |5 LACONCORD2021 
020 |a 7800226557 (pbk.) 
035 |a (OCoLC)224816672  |5 LACONCORD2021 
040 |a VVUT  |b eng  |c VVUT 
082 0 4 |a 495.111  |2 22 
100 1 |a Sima, Yan. 
245 1 0 |a Meng xue si pian gang bi zi tie /  |c Sima Yan shu xie. 
260 |a Beijing :  |b Jin Dun,  |c 2003. 
300 |a 89 p. ;  |c 19 cm. 
650 0 |a Chinese language  |x Writing. 
650 0 |a Penmanship, Chinese. 
650 0 |a Chinese characters  |x Study and teaching. 
852 8 |b CARM  |p 0557749  |f BK 
852 8 |b SCAN  |h A3:AE29G0  |i A05791  |p 0557749  |f BK 
999 f f |i e02f82f8-718d-563e-80cf-68b6dcbc43eb  |s c04a38b7-d77b-5537-8431-985ade132d85 
952 f f |p Can circulate  |a CAVAL  |b CAVAL  |c CAVAL  |d CARM 1 Store  |i book  |m 0557749 
952 f f |a CAVAL  |b CAVAL  |c CAVAL  |d Unmapped Location  |e A05791  |f A3:AE29G0  |h Other scheme